000 00653nam a2200241Ia 4500
003 OSt
005 20220918185601.0
006 a|||||r|||| 00| 0
007 ta
008 220917b |||||||| |||| 00| 0 eng d
024 _a51,564
037 _cTextual
040 _aARTS
_cARTS
_beng
041 _2eng
_aeng
082 _aP111:4k, 28M3 (RR/FAL)
100 _aShafi Shaikh
_969484
245 0 _aHandbook of English Arabic for professionals
260 _aBombay
_bOUP
_c1983
300 _a512p.
_ccm.
650 _aLINGUISTICS
942 _hP111:4k, 28M3 (RR/FAL)
_cTEXL
_2CC
999 _c181157
_d181157